The teaching of Jesus. (Record no. 5057)

000 -LEADER
fixed length control field 00537nam a2200181 a 4500
001 - CONTROL NUMBER
control field :::00002798$&:&@@
003 - CONTROL NUMBER IDENTIFIER
control field OkBaRHE
005 - DATE AND TIME OF LATEST TRANSACTION
control field 20000607103257.0
008 - FIXED-LENGTH DATA ELEMENTS--GENERAL INFORMATION
fixed length control field s1903 j 000 0 eng u
040 ## - CATALOGING SOURCE
Transcribing agency
100 1# - MAIN ENTRY--PERSONAL NAME
Personal name Jackson, George.
245 14 - TITLE STATEMENT
Title The teaching of Jesus.
260 ## - PUBLICATION, DISTRIBUTION, ETC. (IMPRINT)
Place of publication, distribution, etc London, UK:EN., :
Name of publisher, distributor, etc Hodder & Stoughton
Date of publication, distribution, etc 1903
300 ## - PHYSICAL DESCRIPTION
Extent 252 p. ;
Dimensions 21 cm.
650 ## - SUBJECT ADDED ENTRY--TOPICAL TERM
Topical term or geographic name as entry element Jesus Christ
General subdivision Teachings
942 ## - ADDED ENTRY ELEMENTS (KOHA)
Source of classification or shelving scheme
Koha item type Books
Copies
Not for loan Damaged status Full call number Date last seen Shelving location Copy number Price effective from Lost status Withdrawn status Date acquired Source of classification or shelving scheme Koha item type Barcode Permanent Location
  BS 2417 .J2892018-03-16General Stacks12010-04-14  2010-04-14 Books2798RHEMA Bible Training College